| 000 | 00938cam a2200157ua 4500 | ||
|---|---|---|---|
| 041 |
_aeng _h |
||
| 082 |
_a666.9 _bIND/RE |
||
| 110 | 1 |
_aIndian standards institution . _bISI _c() |
|
| 245 |
_aRecommended guide lines for concrete mix design / _cIndian standards institution. _hTextual Documents |
||
| 250 |
_a1 / _b. |
||
| 260 |
_aNew Delhi : _bIndian standards institution , _c1983. |
||
| 300 | _a21 ; . | ||
| 504 | _a | ||
| 942 | _cBK | ||
| 999 |
_c10627 _d10627 |
||